000 00591nam a2200193Ia 4500
005 20250508164909.0
008 008 250505s9999 xx 000 0 eng d
037 _aDissertations
040 _aFEDL
_beng
_cFEDL
041 _aeng
_2eng
084 _a420.7, ROY/DI
_qFEDL
100 _aRoy Sudipta
_925793
245 0 _aStudy on developing pedagogical strategies based on art techniques for english language teaching
260 _c2001
300 _a74p.
546 _aM.Ed. Dissertation (Delhi University)
942 _cDIS
_h420.7, ROY/DI
999 _c1391870
_d1391870